[Event "DEM U12w 2025"]
[Site "Willingen GER"]
[Date "2025.06.14"]
[Round "9"]
[White "Sriram, Yashasri"]
[Black "Wolf, Aurelia"]
[Result "1-0"]
[Termination "normal"]
[Board "19"]
[WhiteElo "1547"]
[BlackElo "1410"]
[WhiteClock "01:27:31"]
[BlackClock "00:49:20"]
[PlyCount "95"]
[WhiteFideId "34656243"]
[BlackFideId "34671048"]
[EventCountry "GER"]
[EventRounds "9"]
[EventType "swiss"]
[EventDate "2025.06.07"]

1. e4 {[%clk 01:30:34]} {[%emt 00:00:25]} e5 {[%clk 01:30:54]} {[%emt
00:00:07]} 2. Nc3 {[%clk 01:31:00]} {[%emt 00:00:04]} Nf6 {[%clk 01:31:09]}
{[%emt 00:00:15]} 3. f4 {[%clk 01:31:24]} {[%emt 00:00:05]} Nc6 {[%clk
01:31:11]} {[%emt 00:00:28]} 4. fxe5 {[%clk 01:31:48]} {[%emt 00:00:06]} Nxe5
{[%clk 01:31:31]} {[%emt 00:00:10]} 5. d4 {[%clk 01:32:13]} {[%emt 00:00:05]}
Ng6 {[%clk 01:30:18]} {[%emt 00:01:44]} 6. e5 {[%clk 01:32:37]} {[%emt
00:00:05]} Ng8 {[%clk 01:29:54]} {[%emt 00:00:54]} 7. Nf3 {[%clk 01:33:00]}
{[%emt 00:00:08]} d5 {[%clk 01:29:19]} {[%emt 00:01:05]} 8. exd6 {[%clk
01:32:57]} {[%emt 00:00:33]} Bxd6 {[%clk 01:25:08]} {[%emt 00:04:40]} 9. Bc4
{[%clk 01:31:51]} {[%emt 00:01:35]} Nf6 {[%clk 01:21:08]} {[%emt 00:04:31]} 10.
O-O {[%clk 01:30:18]} {[%emt 00:02:03]} O-O {[%clk 01:20:43]} {[%emt 00:00:56]}
11. Bg5 {[%clk 01:29:57]} {[%emt 00:00:50]} h6 {[%clk 01:20:06]} {[%emt
00:01:07]} 12. Bxf6 {[%clk 01:29:31]} {[%emt 00:00:57]} Qxf6 {[%clk 01:19:42]}
{[%emt 00:00:53]} 13. Ne5 {[%clk 01:29:31]} {[%emt 00:00:30]} Qg5 {[%clk
01:14:07]} {[%emt 00:06:05]} 14. Bxf7+ {[%clk 01:28:39]} {[%emt 00:01:22]} Rxf7
{[%clk 01:12:19]} {[%emt 00:02:18]} 15. Nxf7 {[%clk 01:28:54]} {[%emt
00:00:16]} Qe3+ {[%clk 01:09:06]} {[%emt 00:03:43]} 16. Kh1 {[%clk 01:29:01]}
{[%emt 00:00:22]} Bf4 {[%clk 00:56:59]} {[%emt 00:12:36]} 17. Ne5 {[%clk
01:26:01]} {[%emt 00:03:31]} Nxe5 {[%clk 00:56:38]} {[%emt 00:00:52]} 18. dxe5
{[%clk 01:26:19]} {[%emt 00:00:11]} Qxe5 {[%clk 00:51:56]} {[%emt 00:05:12]}
19. Qd8+ {[%clk 01:24:57]} {[%emt 00:01:52]} Kh7 {[%clk 00:52:04]} {[%emt
00:00:22]} 20. Rae1 {[%clk 01:25:00]} {[%emt 00:00:28]} Qg5 {[%clk 00:46:09]}
{[%emt 00:06:23]} 21. Qxg5 {[%clk 01:23:59]} {[%emt 00:01:32]} hxg5 {[%clk
00:46:13]} {[%emt 00:00:27]} 22. Nd5 {[%clk 01:23:41]} {[%emt 00:00:48]} Bd6
{[%clk 00:46:17]} {[%emt 00:00:26]} 23. Re8 {[%clk 01:22:46]} {[%emt 00:01:25]}
b6 {[%clk 00:45:55]} {[%emt 00:00:52]} 24. Rfe1 {[%clk 01:21:37]} {[%emt
00:01:38]} Bb7 {[%clk 00:46:04]} {[%emt 00:00:22]} 25. Rxa8 {[%clk 01:21:55]}
{[%emt 00:00:12]} Bxa8 {[%clk 00:46:21]} {[%emt 00:00:12]} 26. Nc3 {[%clk
01:21:43]} {[%emt 00:00:42]} g4 {[%clk 00:45:23]} {[%emt 00:01:29]} 27. Nb5
{[%clk 01:21:54]} {[%emt 00:00:19]} Bc6 {[%clk 00:44:38]} {[%emt 00:01:15]} 28.
Nxd6 {[%clk 01:21:07]} {[%emt 00:01:17]} cxd6 {[%clk 00:44:51]} {[%emt
00:00:17]} 29. Re6 {[%clk 01:21:29]} {[%emt 00:00:07]} Bd5 {[%clk 00:44:57]}
{[%emt 00:00:24]} 30. Rxd6 {[%clk 01:21:56]} {[%emt 00:00:04]} Bxa2 {[%clk
00:45:17]} {[%emt 00:00:09]} 31. Rd7 {[%clk 01:22:17]} {[%emt 00:00:10]} Bb1
{[%clk 00:45:29]} {[%emt 00:00:17]} 32. Rxa7 {[%clk 01:22:21]} {[%emt
00:00:26]} Bxc2 {[%clk 00:45:44]} {[%emt 00:00:16]} 33. Rb7 {[%clk 01:22:41]}
{[%emt 00:00:09]} Be4 {[%clk 00:45:49]} {[%emt 00:00:25]} 34. Rxb6 {[%clk
01:23:02]} {[%emt 00:00:09]} Bd5 {[%clk 00:46:08]} {[%emt 00:00:10]} 35. b4
{[%clk 01:23:11]} {[%emt 00:00:22]} Bc4 {[%clk 00:46:11]} {[%emt 00:00:27]} 36.
b5 {[%clk 01:23:28]} {[%emt 00:00:13]} Bd3 {[%clk 00:46:31]} {[%emt 00:00:10]}
37. Rb7 {[%clk 01:23:42]} {[%emt 00:00:16]} Bc4 {[%clk 00:46:45]} {[%emt
00:00:16]} 38. b6 {[%clk 01:24:03]} {[%emt 00:00:10]} Bd3 {[%clk 00:47:00]}
{[%emt 00:00:15]} 39. Rc7 {[%clk 01:24:23]} {[%emt 00:00:10]} Kg6 {[%clk
00:47:08]} {[%emt 00:00:21]} 40. b7 {[%clk 01:24:45]} {[%emt 00:00:08]} Kf5
{[%clk 00:47:30]} {[%emt 00:00:08]} 41. b8=Q {[%clk 01:25:07]} {[%emt
00:00:08]} Ke4 {[%clk 00:47:41]} {[%emt 00:00:19]} 42. Qe8+ {[%clk 01:25:18]}
{[%emt 00:00:20]} Kd4 {[%clk 00:47:48]} {[%emt 00:00:23]} 43. Rd7+ {[%clk
01:25:38]} {[%emt 00:00:09]} Kc3 {[%clk 00:48:12]} {[%emt 00:00:06]} 44. Qc8+
{[%clk 01:25:51]} {[%emt 00:00:17]} Kd2 {[%clk 00:48:27]} {[%emt 00:00:15]} 45.
Qc4 {[%clk 01:26:16]} {[%emt 00:00:06]} Ke3 {[%clk 00:48:47]} {[%emt 00:00:09]}
46. Rxd3+ {[%clk 01:26:40]} {[%emt 00:00:07]} Ke2 {[%clk 00:48:58]} {[%emt
00:00:18]} 47. Qc2+ {[%clk 01:27:05]} {[%emt 00:00:05]} Ke1 {[%clk 00:49:20]}
{[%emt 00:00:08]} 48. Rd1# {[%clk 01:27:31]} {[%emt 00:00:05]} 1-0

[Event "DEM U12w 2025"]
[Site "Willingen GER"]
[Date "2025.06.14"]
[Round "9"]
[White "Lüken, Juliane"]
[Black "Ulianova, Anna"]
[Result "0-1"]
[Termination "normal"]
[Board "21"]
[WhiteElo "987"]
[BlackElo "1440"]
[WhiteClock "00:47:12"]
[BlackClock "00:12:39"]
[PlyCount "101"]
[WhiteFideId "533043485"]
[BlackFideId "34682660"]
[EventCountry "GER"]
[EventRounds "9"]
[EventType "swiss"]
[EventDate "2025.06.07"]

1. e4 {[%clk 01:30:59]} {[%emt 20:02:33]} e5 {[%clk 01:30:54]} {[%emt
00:00:07]} 2. Bc4 {[%clk 01:31:24]} {[%emt 00:00:05]} Nc6 {[%clk 01:31:09]}
{[%emt 00:00:15]} 3. d3 {[%clk 01:31:36]} {[%emt 00:00:16]} Nf6 {[%clk
01:31:12]} {[%emt 00:00:28]} 4. Nc3 {[%clk 01:31:40]} {[%emt 00:00:24]} Bc5
{[%clk 01:31:32]} {[%emt 00:00:12]} 5. Nf3 {[%clk 01:31:39]} {[%emt 00:00:31]}
d6 {[%clk 01:31:48]} {[%emt 00:00:15]} 6. Bg5 {[%clk 01:31:59]} {[%emt
00:00:09]} h6 {[%clk 01:31:46]} {[%emt 00:00:32]} 7. Bxf6 {[%clk 01:32:16]}
{[%emt 00:00:12]} Qxf6 {[%clk 01:31:18]} {[%emt 00:00:59]} 8. Nd5 {[%clk
01:31:34]} {[%emt 00:01:09]} Qd8 {[%clk 01:31:23]} {[%emt 00:00:29]} 9. O-O
{[%clk 01:31:16]} {[%emt 00:00:45]} Bg4 {[%clk 01:31:04]} {[%emt 00:00:51]} 10.
c3 {[%clk 01:30:43]} {[%emt 00:01:02]} Ne7 {[%clk 01:30:32]} {[%emt 00:01:03]}
11. b4 {[%clk 01:30:30]} {[%emt 00:00:41]} Nxd5 {[%clk 01:29:15]} {[%emt
00:01:49]} 12. Bxd5 {[%clk 01:30:44]} {[%emt 00:00:15]} c6 {[%clk 01:28:42]}
{[%emt 00:01:04]} 13. Bb3 {[%clk 01:30:51]} {[%emt 00:00:21]} Bb6 {[%clk
01:28:55]} {[%emt 00:00:17]} 14. h3 {[%clk 01:30:30]} {[%emt 00:00:53]} Bh5
{[%clk 01:28:40]} {[%emt 00:00:45]} 15. Qe2 {[%clk 01:30:20]} {[%emt 00:00:39]}
Qf6 {[%clk 01:28:26]} {[%emt 00:00:43]} 16. Bd1 {[%clk 01:30:40]} {[%emt
00:00:12]} g5 {[%clk 01:22:08]} {[%emt 00:06:49]} 17. g4 {[%clk 01:30:19]}
{[%emt 00:00:49]} Bg6 {[%clk 01:22:23]} {[%emt 00:00:16]} 18. Nh2 {[%clk
01:30:18]} {[%emt 00:00:30]} h5 {[%clk 01:22:23]} {[%emt 00:00:31]} 19. Kg2
{[%clk 01:29:53]} {[%emt 00:00:53]} hxg4 {[%clk 01:22:24]} {[%emt 00:00:31]}
20. Nxg4 {[%clk 01:30:06]} {[%emt 00:00:17]} Qf4 {[%clk 01:22:15]} {[%emt
00:00:37]} 21. Qf3 {[%clk 01:29:33]} {[%emt 00:01:04]} f5 {[%clk 01:17:54]}
{[%emt 00:04:52]} 22. Qxf4 {[%clk 01:27:01]} {[%emt 00:03:02]} gxf4 {[%clk
01:18:12]} {[%emt 00:00:11]} 23. Nf6+ {[%clk 01:25:54]} {[%emt 00:00:36]} Ke7
{[%clk 01:18:41]} 24. exf5 {[%clk 01:25:55]} {[%emt 00:01:32]} Bxf5 {[%clk
01:17:10]} {[%emt 00:02:01]} 25. Ng4 {[%clk 01:22:17]} {[%emt 00:00:52]} Bxd3
{[%clk 01:17:40]} 26. Re1 {[%clk 01:19:58]} {[%emt 00:04:23]} Rag8 {[%clk
01:03:16]} {[%emt 00:16:35]} 27. Kh2 {[%clk 01:16:21]} {[%emt 00:04:06]} Bf5
{[%clk 01:00:30]} {[%emt 00:03:17]} 28. f3 {[%clk 01:13:08]} {[%emt 00:03:44]}
Bxg4 {[%clk 01:00:23]} {[%emt 00:00:35]} 29. fxg4 {[%clk 01:13:07]} {[%emt
00:00:32]} Bf2 {[%clk 00:50:07]} {[%emt 00:10:47]} 30. Rf1 {[%clk 01:12:23]}
{[%emt 00:01:03]} Bg3+ {[%clk 00:49:38]} {[%emt 00:01:09]} 31. Kg2 {[%clk
01:11:56]} {[%emt 00:00:56]} c5 {[%clk 00:39:04]} {[%emt 00:11:06]} 32. a3
{[%clk 01:11:00]} {[%emt 00:01:27]} Rc8 {[%clk 00:38:39]} {[%emt 00:00:52]} 33.
Bf3 {[%clk 01:09:37]} {[%emt 00:01:52]} b6 {[%clk 00:33:31]} {[%emt 00:05:43]}
34. b5 {[%clk 01:07:40]} {[%emt 00:02:26]} c4 {[%clk 00:33:23]} {[%emt
00:00:38]} 35. a4 {[%clk 01:06:52]} {[%emt 00:01:17]} Rc5 {[%clk 00:33:15]}
{[%emt 00:00:37]} 36. Rad1 {[%clk 01:02:54]} {[%emt 00:04:29]} Ke6 {[%clk
00:32:26]} {[%emt 00:01:20]} 37. Rb1 {[%clk 01:01:38]} {[%emt 00:01:46]} d5
{[%clk 00:30:57]} {[%emt 00:01:59]} 38. Rbd1 {[%clk 00:59:25]} {[%emt
00:02:39]} Rf8 {[%clk 00:25:14]} {[%emt 00:06:17]} 39. g5 {[%clk 00:58:38]}
{[%emt 00:01:16]} Rg8 {[%clk 00:24:27]} {[%emt 00:01:18]} 40. Bg4+ {[%clk
00:57:43]} {[%emt 00:00:36]} Kd6 {[%clk 00:24:56]} 41. Rd2 {[%clk 00:55:37]}
{[%emt 00:05:16]} Rxg5 {[%clk 00:24:22]} {[%emt 00:01:06]} 42. Rfd1 {[%clk
00:54:14]} {[%emt 00:01:50]} e4 {[%clk 00:19:07]} {[%emt 00:05:48]} 43. Rd4
{[%clk 00:51:16]} {[%emt 00:03:28]} Re5 {[%clk 00:16:53]} {[%emt 00:02:43]} 44.
R1d2 {[%clk 00:50:56]} {[%emt 00:00:51]} Be1 {[%clk 00:13:50]} {[%emt
00:03:31]} 45. Rd1 {[%clk 00:50:30]} {[%emt 00:00:57]} Bxc3 {[%clk 00:13:23]}
{[%emt 00:00:58]} 46. h4 {[%clk 00:48:26]} {[%emt 00:02:34]} Bxd4 {[%clk
00:12:44]} {[%emt 00:01:09]} 47. Rxd4 {[%clk 00:48:44]} {[%emt 00:00:12]} c3
{[%clk 00:12:51]} {[%emt 00:00:23]} 48. Rd1 {[%clk 00:48:42]} {[%emt 00:00:31]}
c2 {[%clk 00:12:33]} {[%emt 00:00:49]} 49. Rc1 {[%clk 00:49:05]} {[%emt
00:00:07]} e3 {[%clk 00:12:52]} {[%emt 00:00:11]} 50. Kf1 {[%clk 00:46:56]}
{[%emt 00:00:32]} d4 {[%clk 00:12:39]} {[%emt 00:02:50]} 51. h5 {[%clk
00:47:12]} {[%emt 00:00:13]} 0-1

[Event "DEM U12w 2025"]
[Site "Willingen GER"]
[Date "2025.06.14"]
[Round "9"]
[White "Ebel, Io Cornelia"]
[Black "Vasilieva, Victoria"]
[Result "0-1"]
[Termination "normal"]
[Board "22"]
[WhiteElo "982"]
[BlackElo "1554"]
[WhiteClock "00:11:13"]
[BlackClock "00:32:29"]
[PlyCount "98"]
[WhiteFideId "533043469"]
[BlackFideId "533007071"]
[EventCountry "GER"]
[EventRounds "9"]
[EventType "swiss"]
[EventDate "2025.06.07"]

1. e4 {[%clk 01:30:57]} {[%emt 00:00:01]} c6 {[%clk 01:30:47]} {[%emt
00:00:13]} 2. Nf3 {[%clk 01:31:15]} {[%emt 00:00:12]} d5 {[%clk 01:31:05]}
{[%emt 00:00:13]} 3. exd5 {[%clk 01:31:31]} {[%emt 00:00:14]} cxd5 {[%clk
01:31:14]} {[%emt 00:00:21]} 4. Ne5 {[%clk 01:31:12]} {[%emt 00:00:49]} Nc6
{[%clk 01:29:43]} {[%emt 00:02:00]} 5. d4 {[%clk 01:30:54]} {[%emt 00:00:48]}
Nxe5 {[%clk 01:27:42]} {[%emt 00:02:31]} 6. dxe5 {[%clk 01:30:19]} {[%emt
00:01:05]} e6 {[%clk 01:25:48]} {[%emt 00:02:25]} 7. Bd3 {[%clk 01:25:59]}
{[%emt 00:04:42]} Bc5 {[%clk 01:23:04]} {[%emt 00:03:21]} 8. Nc3 {[%clk
01:19:36]} {[%emt 00:06:43]} Ne7 {[%clk 01:19:11]} {[%emt 00:04:34]} 9. O-O
{[%clk 01:14:00]} {[%emt 00:06:05]} O-O {[%clk 01:15:39]} {[%emt 00:04:02]} 10.
Be3 {[%clk 01:04:34]} {[%emt 00:09:49]} d4 {[%clk 01:15:15]} {[%emt 00:01:00]}
11. Ne4 {[%clk 01:00:35]} {[%emt 00:04:10]} dxe3 {[%clk 01:07:04]} {[%emt
00:09:00]} 12. Nxc5 {[%clk 00:59:29]} {[%emt 00:01:37]} exf2+ {[%clk 01:06:49]}
{[%emt 00:00:45]} 13. Rxf2 {[%clk 00:58:58]} {[%emt 00:01:00]} Qd5 {[%clk
01:06:22]} {[%emt 00:00:55]} 14. Ne4 {[%clk 00:45:46]} {[%emt 00:13:21]} Qxe5
{[%clk 01:00:47]} {[%emt 00:06:27]} 15. Nf6+ {[%clk 00:35:12]} {[%emt
00:10:56]} gxf6 {[%clk 00:53:25]} {[%emt 00:08:02]} 16. Qg4+ {[%clk 00:28:57]}
{[%emt 00:06:33]} Qg5 {[%clk 00:52:16]} {[%emt 00:01:48]} 17. Qh3 {[%clk
00:27:55]} {[%emt 00:01:27]} Ng6 {[%clk 00:50:36]} {[%emt 00:02:17]} 18. Raf1
{[%clk 00:22:27]} {[%emt 00:05:54]} Qh4 {[%clk 00:46:01]} {[%emt 00:04:58]} 19.
Qxh4 {[%clk 00:19:01]} {[%emt 00:04:07]} Nxh4 {[%clk 00:46:16]} {[%emt
00:00:15]} 20. Rf4 {[%clk 00:18:34]} {[%emt 00:00:54]} Ng6 {[%clk 00:45:59]}
{[%emt 00:00:50]} 21. Rxf6 {[%clk 00:17:32]} {[%emt 00:01:32]} Bd7 {[%clk
00:41:55]} {[%emt 00:04:27]} 22. g3 {[%clk 00:16:09]} {[%emt 00:02:00]} a6
{[%clk 00:41:19]} {[%emt 00:01:07]} 23. h4 {[%clk 00:15:55]} {[%emt 00:00:42]}
Ne5 {[%clk 00:40:44]} {[%emt 00:01:04]} 24. Be4 {[%clk 00:15:14]} {[%emt
00:01:12]} Bc6 {[%clk 00:40:00]} {[%emt 00:01:09]} 25. R1f4 {[%clk 00:14:18]}
{[%emt 00:01:32]} Rad8 {[%clk 00:38:10]} {[%emt 00:02:09]} 26. Bxc6 {[%clk
00:13:49]} {[%emt 00:01:11]} Nxc6 {[%clk 00:37:49]} {[%emt 00:00:52]} 27. Rg4+
{[%clk 00:13:02]} {[%emt 00:01:16]} Kh8 {[%clk 00:37:41]} {[%emt 00:00:38]} 28.
Rg5 {[%clk 00:12:21]} {[%emt 00:01:10]} Rd7 {[%clk 00:36:13]} {[%emt 00:01:56]}
29. Rh5 {[%clk 00:11:49]} {[%emt 00:01:04]} Rg8 {[%clk 00:36:09]} {[%emt
00:00:30]} 30. Kh2 {[%clk 00:11:05]} {[%emt 00:01:18]} Rg6 {[%clk 00:35:21]}
{[%emt 00:01:15]} 31. Rh6 {[%clk 00:10:10]} {[%emt 00:01:28]} Kg7 {[%clk
00:34:09]} {[%emt 00:01:37]} 32. Rhxg6+ {[%clk 00:09:58]} {[%emt 00:00:47]}
hxg6 {[%clk 00:34:18]} {[%emt 00:00:21]} 33. Rf3 {[%clk 00:10:05]} {[%emt
00:00:19]} Rd2+ {[%clk 00:34:14]} {[%emt 00:00:38]} 34. Kh3 {[%clk 00:10:14]}
{[%emt 00:00:22]} Rxc2 {[%clk 00:34:25]} {[%emt 00:00:18]} 35. g4 {[%clk
00:09:58]} {[%emt 00:00:47]} Rxb2 {[%clk 00:31:14]} {[%emt 00:03:41]} 36. g5
{[%clk 00:09:53]} {[%emt 00:00:34]} Rxa2 {[%clk 00:31:14]} {[%emt 00:00:23]}
37. h5 {[%clk 00:09:29]} {[%emt 00:01:01]} gxh5 {[%clk 00:30:47]} {[%emt
00:00:58]} 38. Kh4 {[%clk 00:09:47]} {[%emt 00:00:12]} b5 {[%clk 00:30:23]}
{[%emt 00:00:53]} 39. Kxh5 {[%clk 00:09:52]} {[%emt 00:00:26]} Rh2+ {[%clk
00:29:48]} {[%emt 00:01:04]} 40. Kg4 {[%clk 00:09:27]} {[%emt 00:00:54]} Ne5+
{[%clk 00:30:04]} {[%emt 00:00:15]} 41. Kg3 {[%clk 00:09:14]} {[%emt 00:00:43]}
Nxf3 {[%clk 00:30:22]} {[%emt 00:00:12]} 42. Kxf3 {[%clk 00:09:36]} {[%emt
00:00:08]} a5 {[%clk 00:30:35]} {[%emt 00:00:18]} 43. Ke3 {[%clk 00:09:49]}
{[%emt 00:00:16]} a4 {[%clk 00:30:55]} {[%emt 00:00:11]} 44. Kd3 {[%clk
00:10:18]} {[%emt 00:00:01]} a3 {[%clk 00:31:19]} {[%emt 00:00:06]} 45. Kc3
{[%clk 00:10:23]} {[%emt 00:00:25]} a2 {[%clk 00:31:39]} {[%emt 00:00:10]} 46.
Kb4 {[%clk 00:10:47]} {[%emt 00:00:06]} a1=Q {[%clk 00:31:57]} {[%emt
00:00:11]} 47. Kxb5 {[%clk 00:11:13]} {[%emt 00:00:06]} Qc1 {[%clk 00:32:09]}
{[%emt 00:00:17]} 48. g6 {[%clk 00:11:32]} {[%emt 00:00:12]} Rb2+ {[%clk
00:32:29]} {[%emt 00:00:10]} 49. Ka4 {[%clk 00:11:13]} {[%emt 00:00:49]} Qa1#
{[%emt 00:00:42]} 0-1